| 000 | 00438nam a22001457a 4500 | ||
|---|---|---|---|
| 999 |
_c107190 _d107190 |
||
| 005 | 20180831111523.0 | ||
| 008 | 180831b ||||| |||| 00| 0 eng d | ||
| 020 | _a9781939621405 | ||
| 040 | _cPK-LaUMT | ||
| 082 |
_a712 _bLAP- |
||
| 245 |
_aLA+ Interndisciplinary journal of landscape architecture / _cedited by Tatum L. Hands |
||
| 260 |
_aChina: _bUniversity of Pennsylvania School of Design, _c2016 |
||
| 300 | _a117 p. | ||
| 942 | _cBK | ||